00825nam a22001097a 4500040000800000082002700008100001700035245052400052260002600576300002600602856008700628 cRUA aAVM MEY 2010 B096 Or.1 aMEY, SAM OL. aEffect of using dried bananas( mu sax) in concentrate rate feed on growth rate of quail at animal experimental station of royal university of agriculture, ឥទ្ធិពលនៃការប្រើប្រាស់ផ្លែចេកណាំវ៉ាហាលក្នុងចំណីផ្សំ លើការលូតលាស់របស់ក្រូចនៅស្ថានីយពិសោធន៍សត្វនៃសាកលវិទ្យាល័យភូមិន្ទកសិកម្ម aPhnom PenhbRUAc2010 aix; 40p.bill.c29cm. uhttps://drive.google.com/file/d/19uZ-YFHnrNdE9ETDArW4v4odujm7Et-2/view?usp=sharing